Normal view
MARC view
- Jellicoe, Geoffrey,
Entry Personal Name
001 - CONTROL NUMBER
- control field: 121109
003 - CONTROL NUMBER IDENTIFIER
- control field: NUST
005 - DATE AND TIME OF LATEST TRANSACTION
- control field: 20240222151459.0
008 - FIXED-LENGTH DATA ELEMENTS
- fixed length control field: 240222|| aca||aabn | a|a d
040 ## - CATALOGING SOURCE
- Original cataloging agency: NUST
- Transcribing agency: NUST
100 ## - HEADING--PERSONAL NAME
- Personal name: Jellicoe, Geoffrey,
- Dates associated with a name: 1900-1996
670 ## - SOURCE DATA FOUND
- Source citation: Work cat.: (NUST): Spens, Michael. 121108, The complete landscape designs and gardens of Geoffrey Jellicoe /, 1994.
